[Event "Ct. Girona Veterans"]
[Site "Girona"]
[Date "2013.02.28"]
[Round "4"]
[White "Garcia Calleja, R."]
[Black "Gil Clariana, J."]
[Result "1/2-1/2"]
[WhiteElo "1806"]
[BlackElo "1794"]
[PlyCount "97"]
[EventDate "2013.??.??"]
[EventType "swiss"]
[EventRounds "6"]

1. e4 c5 2. Nf3 Nc6 3. Bc4 d6 4. c3 Nf6 5. d3 g6 6. O-O Bg7 7. Be3 O-O 8. Nbd2
a6 9. Rb1 b5 10. Bb3 Bb7 11. Re1 Rc8 12. a3 Ng4 13. Bf4 Nge5 14. Nf1 Na5 15.
Ba2 c4 16. Nxe5 dxe5 17. Bg3 cxd3 18. Re3 Qb6 19. Qxd3 Rfd8 20. Qe2 Nc4 21. Rd3
Rxd3 22. Qxd3 Rd8 23. Qf3 Nd6 24. Rd1 Bxe4 25. Qe2 Ba8 26. Bxe5 Bxe5 27. Qxe5
e6 28. Ne3 Nf5 29. Re1 Qc6 30. f3 Qb6 31. Kf2 Bd5 32. Bxd5 Rxd5 33. Qe4 Nd6 34.
Qc2 Nc4 35. Qe4 Re5 36. Qd4 Qxd4 37. cxd4 Rxe3 38. Rxe3 Nxe3 39. Kxe3 Kf8 40.
Ke4 Ke7 41. f4 Kd6 42. b3 f6 43. h3 a5 44. Ke3 Kd5 45. Kd3 h6 46. g3 f5 47. h4
h5 48. a4 b4 49. Ke3 1/2-1/2

[Event "Ct. Girona Veterans"]
[Site "Girona"]
[Date "2013.02.28"]
[Round "4"]
[White "Martin Fernandez, S."]
[Black "Carramiñana Puig, J."]
[Result "1-0"]
[WhiteElo "1851"]
[BlackElo "1790"]
[PlyCount "43"]
[EventDate "2013.??.??"]
[EventType "swiss"]
[EventRounds "6"]

1. b3 c5 2. Bb2 d5 3. e3 Nc6 4. Bb5 Bd7 5. Nf3 f6 6. O-O e5 7. Nh4 g6 8. f4 Nh6
9. fxe5 Nxe5 10. Bxd7+ Nxd7 11. Qf3 Be7 12. Qxd5 Qc7 13. Nf3 Rf8 14. Nc3 Rd8
15. Qe6 Nb6 16. Ne4 Ng8 17. Nfg5 f5 18. Nxh7 Rf7 19. Neg5 Rxh7 20. Qxg6+ Kd7
21. Qe6+ Ke8 22. Nxh7 1-0

[Event "Ct. Girona Veterans"]
[Site "Girona"]
[Date "2013.02.28"]
[Round "4"]
[White "Oliva Llorens, A."]
[Black "Bonell Mitjans, A."]
[Result "0-1"]
[WhiteElo "1933"]
[BlackElo "2099"]
[PlyCount "106"]
[EventDate "2013.??.??"]
[EventType "swiss"]
[EventRounds "6"]

1. e4 e6 2. d3 d5 3. Nd2 c5 4. Ngf3 Nc6 5. g3 Nf6 6. Bg2 Be7 7. O-O Qc7 8. Re1
dxe4 9. Nxe4 h6 10. c3 O-O 11. Qc2 Bd7 12. Be3 Nxe4 13. dxe4 e5 14. Nd2 Be6 15.
f4 exf4 16. gxf4 f5 17. Bh3 g6 18. Re2 Qd7 19. e5 Rad8 20. Nb3 b6 21. Bg2 a5
22. Rd2 Qc7 23. Rad1 Kg7 24. Bd5 Bxd5 25. Rxd5 c4 26. Rxd8 Rxd8 27. Nd4 Nxd4
28. cxd4 Qc6 29. b3 Qf3 30. Re1 cxb3 31. axb3 Rd7 32. Qg2 Qxg2+ 33. Kxg2 b5 34.
Rc1 a4 35. bxa4 bxa4 36. Rc4 a3 37. Ra4 Rd5 38. Ra7 Kf7 39. Kf3 Rb5 40. Bc1 Rb1
41. Be3 Ke6 42. Ra4 Bb4 43. d5+ Kd7 44. Ra7+ Kc8 45. d6 Rb3 46. Ke2 Rxe3+ 47.
Kf2 Rc3 48. Ke2 Kb8 49. Ra4 Rb3 50. h4 Kb7 51. d7 Be7 52. e6 Rb6 53. Rxa3 Rxe6+
0-1

[Event "Ct. Girona Veterans"]
[Site "Girona"]
[Date "2013.02.28"]
[Round "4"]
[White "Prat Bosch, R."]
[Black "Guzman Maglaya, N."]
[Result "0-1"]
[WhiteElo "1700"]
[BlackElo "1947"]
[PlyCount "92"]
[EventDate "2013.??.??"]
[EventType "swiss"]
[EventRounds "6"]

1. d4 Nf6 2. c4 e6 3. Nf3 d5 4. e3 Bb4+ 5. Nc3 O-O 6. Bd3 Ne4 7. Bd2 Nxd2 8.
Qxd2 c6 9. a3 Bd6 10. O-O Nd7 11. c5 Bc7 12. Qc2 f5 13. Ne2 Qf6 14. b4 g5 15.
g3 e5 16. dxe5 Nxe5 17. Nxe5 Bxe5 18. Rae1 Bd7 19. f4 Bc7 20. Qc3 Qxc3 21. Nxc3
g4 22. Ne2 a5 23. Ra1 Kg7 24. Rfb1 b5 25. Bc2 Bd8 26. Nd4 h5 27. Kf2 h4 28. Rh1
Kg6 29. Bd3 Bf6 30. Bc2 Ra7 31. Ra2 Rfa8 32. bxa5 Rxa5 33. a4 bxa4 34. Rb1 R8a7
35. Rb6 Rxc5 36. Rb4 a3 37. Rb3 hxg3+ 38. Kxg3 Bxd4 39. exd4 Rxc2 40. Raxa3
Rxa3 41. Rxa3 Rc4 42. Rd3 Be6 43. Re3 Kf6 44. Rd3 c5 45. dxc5 d4 46. Kh4 Rc3
0-1

[Event "Ct. Girona Veterans"]
[Site "Girona"]
[Date "2013.03.07"]
[Round "5"]
[White "Bonell Mitjans, A."]
[Black "Martin Fernandez, S."]
[Result "1-0"]
[WhiteElo "2099"]
[BlackElo "1851"]
[PlyCount "111"]
[EventDate "2013.??.??"]
[EventType "swiss"]
[EventRounds "6"]

1. e4 c5 2. Nf3 e6 3. d4 cxd4 4. Nxd4 a6 5. Nc3 Qc7 6. Bd3 Nf6 7. O-O Bc5 8.
Nb3 Be7 9. f4 d6 10. Qe2 Nbd7 11. Bd2 b5 12. a3 Bb7 13. Rae1 Nc5 14. Nxc5 dxc5
15. e5 c4 16. Be4 Nxe4 17. Nxe4 Rd8 18. Bb4 Bxb4 19. axb4 Bxe4 20. Qxe4 Qb6+
21. Kh1 O-O 22. Rd1 Rxd1 23. Rxd1 Rd8 24. Qf3 h6 25. Rf1 Qd4 26. c3 Qd3 27. Qf2
Qd2 28. h3 Qxf2 29. Rxf2 Rd1+ 30. Kh2 Kf8 31. Kg3 Ke7 32. Kf3 g6 33. Ke2 Rb1
34. Ke3 Rd1 35. Rd2 Rxd2 36. Kxd2 Kd7 37. Ke3 h5 38. g4 hxg4 39. hxg4 Kc6 40.
Ke4 Kb6 41. Kf3 Kc6 42. Kg3 Kd5 43. Kh4 Ke4 44. Kg5 Kd3 45. Kf6 Kc2 46. Kxf7
Kxb2 47. f5 gxf5 48. gxf5 Kxc3 49. fxe6 Kxb4 50. e7 c3 51. e8=Q c2 52. Qc6 Kb3
53. e6 Kb2 54. e7 c1=Q 55. Qxc1+ Kxc1 56. e8=Q 1-0

[Event "Ct. Girona Veterans"]
[Site "Girona"]
[Date "2013.03.07"]
[Round "5"]
[White "Carramiñana Puig, J."]
[Black "Garcia Calleja, R."]
[Result "1-0"]
[WhiteElo "1790"]
[BlackElo "1806"]
[PlyCount "81"]
[EventDate "2013.??.??"]
[EventType "swiss"]
[EventRounds "6"]

1. d4 b6 2. c4 Bb7 3. Nc3 Nf6 4. e3 e6 5. a3 c5 6. Nf3 cxd4 7. exd4 d6 8. Bd3
Nbd7 9. O-O h6 10. Re1 Be7 11. Bf4 Nh5 12. Be3 O-O 13. d5 Nc5 14. Bc2 e5 15.
Nxe5 Nf6 16. Nc6 Bxc6 17. dxc6 Qc7 18. Nd5 Nxd5 19. cxd5 Bf6 20. Rb1 Qd8 21.
Qg4 Bg5 22. f4 Bf6 23. b4 Na6 24. f5 Bg5 25. Bd4 Bf6 26. Rb3 Nc7 27. Be3 Re8
28. Be4 Bg5 29. Bf2 Bf6 30. Rh3 Bg5 31. Rh5 Kh8 32. h4 Bf6 33. Be3 Kh7 34. Bxh6
gxh6 35. Qf4 Bd4+ 36. Kh1 Qf6 37. g4 Nxd5 38. Qd2 Bc3 39. Qxd5 Bxe1 40. g5 Qh8
41. Qxf7+ 1-0

[Event "Ct. Girona Veterans"]
[Site "Girona"]
[Date "2013.03.07"]
[Round "5"]
[White "Castella Rovira, JM."]
[Black "Prat Bosch, R."]
[Result "1-0"]
[WhiteElo "1415"]
[BlackElo "1700"]
[PlyCount "110"]
[EventDate "2013.??.??"]
[EventType "swiss"]
[EventRounds "6"]

1. c4 e6 2. Nc3 Nf6 3. Nf3 Nc6 4. g3 Be7 5. Bg2 O-O 6. O-O a6 7. a3 d6 8. Rb1
Bd7 9. b4 Rb8 10. d4 b6 11. b5 axb5 12. cxb5 Na5 13. a4 Nc4 14. Qd3 d5 15. Nd2
Nd6 16. Ba3 Nb7 17. Bxe7 Qxe7 18. Rbc1 Rbc8 19. e4 dxe4 20. Ncxe4 Nd5 21. h4 h6
22. Nc3 c6 23. Rfe1 Qf6 24. Nf3 Nd6 25. Nxd5 exd5 26. Ne5 Rc7 27. bxc6 Bf5 28.
Qb3 Rb8 29. Bxd5 Be6 30. Bxe6 Qxe6 31. d5 Qf5 32. Rc3 f6 33. Rf3 Qc8 34. Nd7
Rxd7 35. cxd7 Qxd7 36. Rfe3 Nf5 37. Rd3 Qd6 38. Rc1 Ne7 39. Re1 Nf5 40. Qb5 Rd8
41. Re6 Qc5 42. Qxc5 bxc5 43. Rc6 c4 44. Rxc4 Nd6 45. Rc7 Rb8 46. Rc6 Ne4 47.
Rd4 Rb1+ 48. Kg2 f5 49. d6 Rb2 50. Rxe4 fxe4 51. Rc8+ Kh7 52. d7 e3 53. d8=Q
Rxf2+ 54. Kg1 Rf6 55. Qxf6 gxf6 1-0

[Event "Ct. Girona Veterans"]
[Site "Girona"]
[Date "2013.03.07"]
[Round "5"]
[White "Gil Clariana, J."]
[Black "Oliva Llorens, A."]
[Result "0-1"]
[WhiteElo "1794"]
[BlackElo "1933"]
[PlyCount "93"]
[EventDate "2013.??.??"]
[EventType "swiss"]
[EventRounds "6"]

1. b4 e5 2. a3 d5 3. Bb2 f6 4. e3 Bd6 5. c4 c6 6. c5 Bc7 7. Nf3 Ne7 8. d3 Be6
9. Nbd2 O-O 10. Be2 Nd7 11. Qc2 Ng6 12. h4 f5 13. Ng5 Qe7 14. Bh5 Nh8 15. O-O-O
a5 16. Qb3 b6 17. d4 bxc5 18. dxc5 axb4 19. axb4 Rfb8 20. Nxe6 Qxe6 21. Be2
Nxc5 22. Qc3 Na4 23. Qb3 Nxb2 24. Kxb2 e4 25. Nc4 Nf7 26. Na3 Bd6 27. Nc2 Qf6+
28. Kc1 Be5 29. Kd2 c5 30. Ke1 c4 31. Qb1 Rb5 32. g3 Bc3+ 33. Kf1 Ne5 34. Kg2
Nd3 35. Rhf1 Qb6 36. Kg1 Ra4 37. Kg2 Bf6 38. Rd2 Nxb4 39. Nd4 Bxd4 40. Rxd4 Nc6
41. Qc2 Nxd4 42. Qxa4 Nxe2 43. Rb1 Nc3 44. Qa8+ Kf7 45. Ra1 Qb8 46. Ra7+ Kf8
47. Qc6 0-1

[Event "Ct. Girona Veterans"]
[Site "Girona"]
[Date "2013.03.07"]
[Round "5"]
[White "Guzman Maglaya, N."]
[Black "Nicolau Serrato, M."]
[Result "1-0"]
[WhiteElo "1947"]
[BlackElo "1929"]
[PlyCount "119"]
[EventDate "2013.??.??"]
[EventType "swiss"]
[EventRounds "6"]

1. Nf3 d5 2. d4 Nf6 3. c4 e6 4. e3 c5 5. cxd5 exd5 6. Bb5+ Bd7 7. Bxd7+ Nbxd7
8. O-O Bd6 9. Nc3 O-O 10. a3 Rc8 11. h3 Re8 12. Nb5 Bb8 13. dxc5 Nxc5 14. b4
Nce4 15. Bb2 a6 16. Nbd4 Qd7 17. Ne2 Rc4 18. Qd3 Rec8 19. Ne5 Bxe5 20. Bxe5 Qe7
21. Bd4 Qe6 22. f3 Nd6 23. Nf4 Qe7 24. Bxf6 Qxf6 25. Nxd5 Qe6 26. Nf4 Qe5 27.
Rad1 Ne8 28. Ne2 h6 29. Rd2 b5 30. Rfd1 Nf6 31. Kf2 Qg5 32. e4 Nh5 33. Qe3 Qh4+
34. Kg1 R4c7 35. Kh2 Qe7 36. g4 Nf6 37. e5 Nh7 38. f4 Nf8 39. f5 Qh4 40. Qg3
Qe7 41. Qe3 Rc4 42. Rd6 R4c6 43. Rxc6 Rxc6 44. Nd4 Rc8 45. Rd2 Kh7 46. Nf3 Qc7
47. h4 f6 48. g5 fxe5 49. g6+ Kh8 50. Qxe5 Qc6 51. Qd5 Qf6 52. Kg2 Re8 53. Kg3
Rc8 54. Ne5 Rc3+ 55. Kg2 Nxg6 56. fxg6 Rc8 57. Nf7+ Kg8 58. Nxh6+ Kf8 59. Rf2
Rc2 60. Qd8# 1-0

[Event "Ct. Girona Veterans"]
[Site "Girona"]
[Date "2013.03.07"]
[Round "5"]
[White "Zamora Alarcon, J."]
[Black "Colprim Sala, F."]
[Result "1-0"]
[WhiteElo "1792"]
[BlackElo "1700"]
[PlyCount "66"]
[EventDate "2013.??.??"]
[EventType "swiss"]
[EventRounds "6"]

1. e4 e5 2. Nf3 d6 3. Bc4 Be6 4. Qe2 c5 5. Bb5+ Nc6 6. Nc3 Be7 7. Nd5 Nf6 8. c4
a6 9. Ba4 O-O 10. O-O Nd4 11. Nxd4 cxd4 12. d3 Bd7 13. Bxd7 Qxd7 14. Nb6 Qc6
15. Nxa8 Rxa8 16. f4 Qd7 17. f5 b5 18. b3 b4 19. Rf3 Nh5 20. g4 Nf4 21. Bxf4
exf4 22. Rxf4 Bg5 23. Rf3 Re8 24. Kg2 h6 25. Rh1 Bd8 26. h4 f6 27. Qb2 Bb6 28.
a3 a5 29. axb4 axb4 30. Ra1 Kf8 31. Ra4 Bc5 32. h5 Kf7 33. Rf1 Qc7 1-0

[Event "Ct. Girona Veterans"]
[Site "Girona"]
[Date "2013.03.14"]
[Round "6"]
[White "Bonell Mitjans, A."]
[Black "Guzman Maglaya, N."]
[Result "1-0"]
[WhiteElo "2099"]
[BlackElo "1947"]
[PlyCount "55"]
[EventDate "2013.??.??"]
[EventType "swiss"]
[EventRounds "6"]

1. e4 c5 2. Nf3 e6 3. d4 cxd4 4. Nxd4 a6 5. Nc3 Nc6 6. Be3 Nge7 7. Be2 Nxd4 8.
Bxd4 Nc6 9. Be3 Be7 10. O-O O-O 11. f4 b5 12. Bf3 Bb7 13. Qd3 Qc7 14. Rad1 d6
15. a3 Rad8 16. Ne2 Bf6 17. c3 Na5 18. Ng3 Nc4 19. Qe2 Nxe3 20. Qxe3 Be7 21.
Kh1 d5 22. e5 Bc5 23. Qe2 g6 24. h3 Kg7 25. Rd3 Rh8 26. Rfd1 Qe7 27. Qe1 Qh4
28. Nf5+ 1-0

[Event "Ct. Girona Veterans"]
[Site "Girona"]
[Date "2013.03.14"]
[Round "6"]
[White "Colprim Sala, F."]
[Black "Estelle Estrada, J."]
[Result "0-1"]
[WhiteElo "1700"]
[BlackElo "1349"]
[PlyCount "29"]
[EventDate "2013.??.??"]
[EventType "swiss"]
[EventRounds "6"]

1. e4 g6 2. d4 Bg7 3. Nf3 d6 4. Be3 a6 5. Bd3 b5 6. b4 e6 7. Nc3 Ne7 8. O-O Bb7
9. Qd2 Ng8 10. g4 Nd7 11. Bf4 Ne7 12. Rae1 O-O 13. Bh6 c5 14. Bxg7 Kxg7 15. Ng5
0-1

[Event "Ct. Girona Veterans"]
[Site "Girona"]
[Date "2013.03.14"]
[Round "6"]
[White "Garcia Calleja, R."]
[Black "Figols Pujolar, J."]
[Result "1-0"]
[WhiteElo "1806"]
[BlackElo "1700"]
[PlyCount "33"]
[EventDate "2013.??.??"]
[EventType "swiss"]
[EventRounds "6"]

1. e4 e6 2. Nf3 g6 3. Bc4 Bg7 4. c3 a6 5. O-O Nc6 6. d4 d5 7. exd5 exd5 8. Bd3
Nge7 9. Bg5 O-O 10. Qc1 Qd7 11. Nbd2 Nf5 12. Re1 Bh6 13. Bxf5 Qxf5 14. Bxh6 Rd8
15. Nf1 Bd7 16. Ng3 Qd3 17. Qg5 1-0

[Event "Ct. Girona Veterans"]
[Site "Girona"]
[Date "2013.03.14"]
[Round "6"]
[White "Martin Fernandez, S."]
[Black "Castella Rovira, JM."]
[Result "1-0"]
[WhiteElo "1851"]
[BlackElo "1415"]
[PlyCount "87"]
[EventDate "2013.??.??"]
[EventType "swiss"]
[EventRounds "6"]

1. Nf3 Nf6 2. b3 g6 3. Bb2 Bg7 4. c4 O-O 5. Nc3 d6 6. e4 e5 7. h3 Re8 8. Be2
Nbd7 9. O-O b6 10. d3 Bb7 11. Ne1 Bc8 12. Nc2 Nf8 13. Bf3 Ne6 14. d4 Ng5 15. d5
Rb8 16. Nb4 Bd7 17. Bc1 Nxf3+ 18. Qxf3 Qc8 19. Bd2 c5 20. Nd3 b5 21. cxb5 Bxb5
22. Rac1 Bxd3 23. Qxd3 Nh5 24. Rb1 Qb7 25. Ne2 Rf8 26. g4 Nf6 27. f4 Qb6 28.
Kh1 Rfe8 29. f5 Qd8 30. Ng3 Nd7 31. g5 f6 32. h4 Nf8 33. Kg2 Rb7 34. Rh1 fxg5
35. hxg5 Bh8 36. Qf3 Qd7 37. f6 Qf7 38. Rbf1 c4 39. bxc4 Rb2 40. Rf2 Rxa2 41.
Nf1 Rb8 42. Ne3 Rbb2 43. Ng4 Rxd2 44. Nh6# 1-0

[Event "Ct. Girona Veterans"]
[Site "Girona"]
[Date "2013.03.14"]
[Round "6"]
[White "Nicolau Serrato, M."]
[Black "Gil Clariana, J."]
[Result "1-0"]
[WhiteElo "1929"]
[BlackElo "1794"]
[PlyCount "85"]
[EventDate "2013.??.??"]
[EventType "swiss"]
[EventRounds "6"]

1. d4 d5 2. c4 e6 3. Nc3 Nf6 4. Nf3 Nbd7 5. Bg5 Be7 6. e3 a6 7. Bd3 dxc4 8.
Bxc4 Nb6 9. Bd3 Nfd5 10. Bxe7 Qxe7 11. O-O O-O 12. Rc1 c6 13. a3 Bd7 14. Ne4
Rad8 15. Nc5 Bc8 16. Qd2 h6 17. Ne5 Nf6 18. Bb1 Qe8 19. Qc2 g6 20. Qb3 Nbd5 21.
Nxb7 Bxb7 22. Qxb7 Rb8 23. Qxa6 Rxb2 24. Rxc6 Qb8 25. Qd3 Rb3 26. Qc2 Rb2 27.
Qc1 Qb3 28. Re1 Rb8 29. Rc8+ Rxc8 30. Qxc8+ Kg7 31. Qc1 Qb8 32. a4 Rb7 33. a5
Nb4 34. h3 Ne8 35. Be4 Ra7 36. Qc5 Nc7 37. Rb1 Nca6 38. Qc1 Qd6 39. Qa3 Qf8 40.
Qa4 Rc7 41. Nd3 Nd5 42. Bxd5 exd5 43. Qb5 1-0

[Event "Ct. Girona Veterans"]
[Site "Girona"]
[Date "2013.03.14"]
[Round "6"]
[White "Oliva Llorens, A."]
[Black "Carramiñana Puig, J."]
[Result "1-0"]
[WhiteElo "1933"]
[BlackElo "1790"]
[PlyCount "87"]
[EventDate "2013.??.??"]
[EventType "swiss"]
[EventRounds "6"]

1. e4 e6 2. d4 d5 3. Nc3 Bb4 4. e5 c5 5. a3 Bxc3+ 6. bxc3 Ne7 7. Nf3 Nbc6 8.
Bd3 Qa5 9. Bd2 c4 10. Be2 Bd7 11. a4 Qc7 12. Bc1 Ng6 13. O-O O-O 14. Ba3 Nce7
15. h4 Bc6 16. Qd2 f6 17. h5 Nh8 18. exf6 Rxf6 19. Ne5 Nf7 20. Nxf7 Rxf7 21.
Bg4 Nf5 22. Rfe1 Re8 23. Re5 Bd7 24. Rae1 Rf6 25. Bh3 Nh6 26. g4 Nf7 27. R5e2
e5 28. dxe5 Rxe5 29. Rxe5 Nxe5 30. Qxd5+ Nf7 31. g5 Rxf2 32. Kxf2 Qf4+ 33. Qf3
Qxf3+ 34. Kxf3 Nxg5+ 35. Kg3 Nxh3 36. Re7 Bf5 37. Re8+ Kf7 38. Re7+ Kf6 39.
Rxb7 Ng1 40. Rxa7 Bxc2 41. a5 g6 42. hxg6 hxg6 43. Re7 Bd3 44. a6 1-0

[Event "Ct. Girona Veterans"]
[Site "Girona"]
[Date "2013.03.14"]
[Round "6"]
[White "Prat Bosch, R."]
[Black "Zamora Alarcon, J."]
[Result "0-1"]
[WhiteElo "1700"]
[BlackElo "1792"]
[PlyCount "84"]
[EventDate "2013.??.??"]
[EventType "swiss"]
[EventRounds "6"]

1. d4 d5 2. c4 e6 3. e3 Nf6 4. Nf3 Be7 5. Nc3 O-O 6. Be2 dxc4 7. Bxc4 b6 8. O-O
Bb7 9. b3 Bb4 10. Qc2 Bxf3 11. gxf3 c5 12. a3 cxd4 13. axb4 dxc3 14. Qxc3 Nd5
15. Qd2 Nc6 16. Bxd5 exd5 17. Bb2 Qd6 18. f4 Rfd8 19. b5 Na5 20. Qc3 f6 21.
Rad1 Rac8 22. Qd3 Qe6 23. Kh1 Nb7 24. Rg1 Nc5 25. Qd4 Kf7 26. b4 Qe4+ 27. Rg2
Qxd4 28. Bxd4 Nb3 29. Bb2 Rc4 30. Ba3 d4 31. exd4 Rcxd4 32. Rxd4 Nxd4 33. Rg1
Nxb5 34. Bc1 Rd4 35. Be3 Rxb4 36. Rd1 Re4 37. Kg2 g6 38. Kf3 f5 39. Rd7+ Re7
40. Rd5 Nc3 41. Re5 Rxe5 42. fxe5 Ke6 0-1

[Event "Ct. Girona indiv. Absolut"]
[Site "Girona"]
[Date "2013.09.22"]
[Round "1"]
[White "Campo Echevarria, JF."]
[Black "Medina Barbero, P."]
[Result "1-0"]
[WhiteElo "2028"]
[BlackElo "1541"]
[PlyCount "113"]
[EventDate "2013.??.??"]
[EventType "swiss"]
[EventRounds "9"]

1. e4 c5 2. Nf3 d6 3. d4 cxd4 4. Nxd4 a6 5. Nc3 Nc6 6. Be3 Nf6 7. Be2 Nxd4 8.
Qxd4 e5 9. Qd2 Be6 10. Bg5 Be7 11. Rd1 Rc8 12. Bxf6 Bxf6 13. Qxd6 Qxd6 14. Rxd6
Ke7 15. Rb6 Rc7 16. O-O Rd8 17. Rd1 Rxd1+ 18. Bxd1 Rd7 19. Be2 Kd8 20. Bd3 Kc7
21. Rb4 b5 22. Kf1 Be7 23. Rb3 Bxb3 24. axb3 Kc6 25. Nd5 h6 26. c4 f6 27. Ke2
b4 28. f3 a5 29. g4 Bc5 30. Kd2 Bd4 31. Kc2 Kc5 32. h4 Bf2 33. h5 Bd4 34. Bf1
Rf7 35. Bh3 Ra7 36. Bf1 a4 37. bxa4 Rxa4 38. Kb3 Ra1 39. Bd3 Rd1 40. Nxb4 Rd2
41. Bc2 Rf2 42. Nd3+ Kc6 43. Nxf2 Bxf2 44. Ka4 Kc5 45. Bb3 Bd4 46. Ka3 Be3 47.
Ba2 Bc1 48. Kb3 Bd2 49. Kc2 Be1 50. Kd3 Bb4 51. Bb3 Be1 52. Ba4 Bf2 53. Be8 Bd4
54. b3 Kb4 55. Kc2 Kc5 56. Bf7 Kb4 57. Be6 1-0

[Event "Ct. Girona indiv. Absolut"]
[Site "Girona"]
[Date "2013.09.22"]
[Round "1"]
[White "Cano Egea, G."]
[Black "Gala Martinez, V."]
[Result "1-0"]
[WhiteElo "1935"]
[BlackElo "1472"]
[PlyCount "47"]
[EventDate "2013.??.??"]
[EventType "swiss"]
[EventRounds "9"]

1. e4 c6 2. d4 d5 3. Nc3 dxe4 4. Nxe4 Bf5 5. Ng3 Bg6 6. Nf3 h6 7. Bc4 e6 8. O-O
Nf6 9. Ne5 Bh7 10. Re1 Be7 11. Qe2 O-O 12. Nxf7 Kxf7 13. Bxe6+ Ke8 14. Nh5 Nxh5
15. Qxh5+ g6 16. Qxh6 Qxd4 17. Be3 Qh4 18. Qg7 Nd7 19. Bxd7+ Kxd7 20. Bc5 Rae8
21. Rad1+ Kc8 22. Rxe7 Rxe7 23. Qxf8+ Kc7 24. Qd8# 1-0

[Event "Ct. Girona indiv. Absolut"]
[Site "Girona"]
[Date "2013.09.22"]
[Round "1"]
[White "Diaz Muñoz, S."]
[Black "Salagran Ferragut, E."]
[Result "1-0"]
[WhiteElo "2038"]
[BlackElo "1586"]
[PlyCount "59"]
[EventDate "2013.??.??"]
[EventType "swiss"]
[EventRounds "9"]

1. e4 c5 2. Nf3 Nc6 3. d4 cxd4 4. Nxd4 e5 5. Nb5 d6 6. N1c3 a6 7. Na3 Be7 8.
Nc4 b5 9. Ne3 Nf6 10. Ned5 b4 11. Nxf6+ Bxf6 12. Nd5 O-O 13. h4 Be6 14. Bc4 a5
15. Be3 Rb8 16. g3 a4 17. Nxf6+ Qxf6 18. Bd5 Ne7 19. Bg5 Qg6 20. Bxe7 Bxd5 21.
Qxd5 Rfe8 22. Bg5 Rbc8 23. Qd3 Rc6 24. O-O Rec8 25. Rac1 Rc4 26. Rfe1 Rd4 27.
Qa6 Rdc4 28. Qxa4 Rxe4 29. Rxe4 Qxe4 30. c3 1-0

[Event "Ct. Girona indiv. Absolut"]
[Site "Girona"]
[Date "2013.09.22"]
[Round "1"]
[White "Dorca Dilme, R."]
[Black "Torrent Lagresa, JM."]
[Result "1-0"]
[WhiteElo "2196"]
[BlackElo "1651"]
[PlyCount "85"]
[EventDate "2013.??.??"]
[EventType "swiss"]
[EventRounds "9"]

1. e4 e5 2. Nf3 Nc6 3. d4 exd4 4. Nxd4 Nf6 5. Nxc6 bxc6 6. Bd3 d6 7. O-O Be7 8.
Re1 O-O 9. Nc3 Be6 10. Bf4 Re8 11. Qf3 Ng4 12. Rad1 Bg5 13. h3 Bxf4 14. Qxf4
Qf6 15. Qg3 Ne5 16. f4 Nxd3 17. Rxd3 Bc4 18. Rde3 Qd4 19. Kh2 Re6 20. b3 Ba6
21. e5 Rae8 22. Ne4 dxe5 23. f5 Rh6 24. c3 Qd8 25. Nc5 Bc8 26. Rxe5 Rxe5 27.
Qxe5 Kf8 28. Ne4 Qe7 29. Qf4 c5 30. f6 Rxf6 31. Nxf6 Qxe1 32. Qxc7 gxf6 33.
Qxc8+ Kg7 34. Qxc5 Qe5+ 35. Qxe5 fxe5 36. Kg3 Kf6 37. Kf3 Ke6 38. g4 Kd5 39.
Ke3 a5 40. a4 f6 41. h4 h6 42. b4 axb4 43. cxb4 1-0

[Event "Ct. Girona indiv. Absolut"]
[Site "Girona"]
[Date "2013.09.22"]
[Round "1"]
[White "Garcia Taberner, L."]
[Black "Ros Agusti, S."]
[Result "1-0"]
[WhiteElo "1963"]
[BlackElo "1487"]
[PlyCount "57"]
[EventDate "2013.??.??"]
[EventType "swiss"]
[EventRounds "9"]

1. e4 c5 2. Nf3 d6 3. Nc3 Bg4 4. Be2 Nf6 5. e5 dxe5 6. Nxe5 Bxe2 7. Qxe2 Nc6 8.
Nxc6 bxc6 9. O-O e6 10. b3 Be7 11. Bb2 O-O 12. d3 Qc7 13. Ne4 Nxe4 14. Qxe4 f5
15. Qxe6+ Kh8 16. Rae1 Bd6 17. Be5 Bxe5 18. Qxe5 Qa5 19. a4 Qd2 20. Re2 Qb4 21.
Rfe1 h6 22. Qd6 Rac8 23. h3 f4 24. f3 Qd4+ 25. Qxd4 cxd4 26. Re7 a5 27. R1e5 c5
28. Kf2 Kg8 29. Ra7 1-0

[Event "Ct. Girona indiv. Absolut"]
[Site "Girona"]
[Date "2013.09.22"]
[Round "1"]
[White "Nadal Rebarter, J."]
[Black "Alejo Alvarez, R."]
[Result "0-1"]
[WhiteElo "1528"]
[BlackElo "2005"]
[PlyCount "62"]
[EventDate "2013.??.??"]
[EventType "swiss"]
[EventRounds "9"]

1. e4 e5 2. Nf3 Nc6 3. Bb5 a6 4. Ba4 Nf6 5. d3 b5 6. Bb3 Be7 7. c3 d6 8. h3 Na5
9. Bc2 c5 10. O-O Qc7 11. Nbd2 O-O 12. Qe2 Re8 13. Rd1 Bf8 14. a4 b4 15. cxb4
cxb4 16. Nb3 Nxb3 17. Bxb3 Be6 18. Bxe6 fxe6 19. a5 d5 20. b3 d4 21. Bd2 Qd6
22. Ra4 Rab8 23. Rc1 Rb5 24. Rc4 Reb8 25. Qe1 Nd7 26. Qc1 Nc5 27. Qc2 Nxa4 28.
Rc6 Rc5 29. Rxd6 Rxc2 30. Rxe6 Nc5 31. Rxe5 Nxb3 0-1

[Event "Ct. Girona indiv. Absolut"]
[Site "Girona"]
[Date "2013.09.22"]
[Round "1"]
[White "Recuero Gomez, MA."]
[Black "Vidal Zamora, A."]
[Result "0-1"]
[WhiteElo "1638"]
[BlackElo "2182"]
[PlyCount "80"]
[EventDate "2013.??.??"]
[EventType "swiss"]
[EventRounds "9"]

1. e4 c5 2. Nf3 e6 3. d4 cxd4 4. Nxd4 a6 5. Nc3 Qc7 6. Bd3 b5 7. O-O Bb7 8. Be3
Nf6 9. f3 Bb4 10. Nde2 Be7 11. Qd2 Nc6 12. a3 O-O 13. Ng3 Na5 14. Nce2 d5 15.
Bf4 Qd8 16. Rad1 Nc4 17. Bxc4 bxc4 18. e5 Nd7 19. Nd4 Rc8 20. c3 Qc7 21. Rfe1
Rfe8 22. Nh1 Bc5 23. Nf2 Nf8 24. Ng4 Ng6 25. Bh6 Bf8 26. Bg5 h5 27. Nf2 Nxe5
28. Bf4 Bd6 29. Bxe5 Bxe5 30. g3 Bf6 31. Nh3 e5 32. Nc2 Qb6+ 33. Nf2 d4 34. Kg2
Red8 35. Ne4 Bxe4 36. fxe4 Qxb2 37. Rb1 Qxc3 38. Qxc3 dxc3 39. Ne3 Rd2+ 40. Kg1
Be7 0-1

[Event "Ct. Girona indiv. Absolut"]
[Site "Girona"]
[Date "2013.09.22"]
[Round "1"]
[White "Rodriguez Garcia, CA."]
[Black "Mas Recorda, P."]
[Result "0-1"]
[WhiteElo "1549"]
[BlackElo "2032"]
[PlyCount "74"]
[EventDate "2013.??.??"]
[EventType "swiss"]
[EventRounds "9"]

1. d4 e6 2. Nf3 d5 3. e3 f5 4. c4 c6 5. cxd5 exd5 6. Bd3 Nf6 7. O-O Bd6 8. Qc2
g6 9. Nc3 Nbd7 10. a3 a5 11. Ne2 O-O 12. Nf4 Re8 13. Bd2 Ne4 14. Be1 Ndf6 15.
Be2 Bxf4 16. exf4 Qb6 17. Bd3 Nh5 18. g3 Ng7 19. Rb1 a4 20. Bc3 Ne6 21. Rfe1
Bd7 22. Ne5 Bc8 23. Nf3 Qa7 24. Kg2 Bd7 25. Re2 b5 26. Ne5 Rad8 27. Nf3 Qb6 28.
b4 Nd6 29. Ba1 Nc4 30. Qc1 Bc8 31. Qe1 Nxa3 32. Rc1 Nc4 33. Bxc4 bxc4 34. Ng5
Ng7 35. Rxe8+ Rxe8 36. Qc3 Ba6 37. Re1 Qd8 0-1

[Event "Ct. Girona indiv. Absolut"]
[Site "Girona"]
[Date "2013.09.22"]
[Round "1"]
[White "Rodriguez Martin, J."]
[Black "Caballero Maytin, J."]
[Result "0-1"]
[WhiteElo "1475"]
[BlackElo "1962"]
[PlyCount "50"]
[EventDate "2013.??.??"]
[EventType "swiss"]
[EventRounds "9"]

1. d4 Nf6 2. e3 e6 3. Bd3 b6 4. Nd2 Bb7 5. Ngf3 Be7 6. O-O g5 7. e4 g4 8. Ne5
Rg8 9. g3 d6 10. Nec4 Nc6 11. e5 dxe5 12. dxe5 Nxe5 13. Re1 Qd5 14. Ne4 Nxc4
15. Bf4 O-O-O 16. Qe2 Nxb2 17. Rab1 Nxd3 18. cxd3 e5 19. Bd2 Nxe4 20. dxe4 Qxd2
21. Qc4 Bc5 22. Re2 Qd3 23. Qxd3 Rxd3 24. a4 Rgd8 25. Kg2 Rd2 0-1

[Event "Ct. Girona indiv. Absolut"]
[Site "Girona"]
[Date "2013.09.22"]
[Round "1"]
[White "Rodriguez Navarro, I."]
[Black "Pinsach Gelabert, A."]
[Result "0-1"]
[WhiteElo "1590"]
[BlackElo "2102"]
[PlyCount "52"]
[EventDate "2013.??.??"]
[EventType "swiss"]
[EventRounds "9"]

1. e4 e5 2. Nf3 Nc6 3. Bc4 Nf6 4. d3 Be7 5. O-O O-O 6. Be3 d5 7. exd5 Nxd5 8.
h3 Be6 9. Bxd5 Qxd5 10. Nc3 Qd7 11. Nd2 f5 12. f4 Rae8 13. fxe5 f4 14. Bf2 Nxe5
15. Nf3 Nxf3+ 16. Qxf3 Bb4 17. Be1 Bxc3 18. Bxc3 Bd5 19. Qh5 Rf5 20. Qg4 Qf7
21. Rae1 Rf8 22. Bb4 h5 23. Qe2 f3 24. Qf2 fxg2 25. Qxf5 gxf1=Q+ 26. Qxf1 Qg6+
0-1